| 000 | 00438cam a2200157ua 4500 | ||
|---|---|---|---|
| 041 |
_aeng _h |
||
| 082 |
_a362.1 _bBAL/NO |
||
| 100 | _aDr.Balasubramanian, . | ||
| 245 |
_aNotes on public health administration and vital statistics / _cDr.Balasubramanian. _hTextual Documents |
||
| 250 |
_a2 / _b. |
||
| 260 |
_a : _bStanely medical college students , _c1963. |
||
| 300 | _a178 ; . | ||
| 504 | _a | ||
| 942 | _cBK | ||
| 999 |
_c2097 _d2097 |
||